Statistiken für 10 Kleinste Hauptstädte in Asien

Klicken Sie hier um das Quiz zu spielen!

Allgemein

  • Dieses Quiz wurde 489 mal gespielt
  • Das Durchschnittsergebnis liegt bei 5 aus 10

Antwortstatistiken

BevölkerungKlein Hauptstadt% Korrekt
59,069Dili
74%
103,693Malé
72%
28,135Bandar Seri Begawan
66%
101,259Thimphu
66%
140,616Manama
65%
287,579Vientiane
48%
582,496Duschanbe
47%
354,893Nikosia
36%
115,826Sri Jayawardenapura Kotte
31%
585,097Abu Dhabi
27%

Verteilung der Resultate

Perzentil nach korrekt beantworteten Fragen

Anzahl Personen mit jedem Resultat

Ihre Resultats-Entwicklung

Sie haben dieses Quiz noch nicht gespielt